Pro cultura: anotaciones sobre la enseñanza secundaria en Chile

Kaydedildi:
Detaylı Bibliyografya
Yazar: Banderas Le-Brun, Leonidas (Yazar)
Materyal Türü: Kitap
Dil:İspanyolca
Baskı/Yayın Bilgisi: Santiago Fiscal de la Penitenciaría 1918
Konular:
Etiketler: Etiketle
Etiket eklenmemiş, İlk siz ekleyin!

MARC

LEADER 00000nam a2200000 a 4500
001 UCO1510
003 CL-VaPUC
008 000519e19180000CL |||||||||||||||||spa|d
082 0 4 |a 373.83  |b BAN  |2 21 
100 0 |a Banderas Le-Brun, Leonidas  |e author  |9 443663 
245 1 0 |a Pro cultura: anotaciones sobre la enseñanza secundaria en Chile 
300 |a 204 p 
942 |c BK 
945 |d 20000519 00:00:00  |a crobeson 
260 |a Santiago  |b Fiscal de la Penitenciaría  |c 1918 
650 0 |a Administración de la enseñanza   |9 261034 
650 0 |a Gestión educacional   |9 261035 
650 0 |a Planificación de la educación   |9 307333 
651 7 |a CHILE  |2 CL-VaPUC  |9 443664 
583 |a last modification  |c 20170427 01:58:55  |k Rodrigo Vera 
999 |c 288123  |d 288121 
952 |0 0  |1 0  |4 0  |6 373_830000000000000_BAN_1918  |7 0  |8 X  |9 335385  |a BIBHIS  |b BIBHIS  |d 2019-11-20  |i 1275089  |o 373.83 BAN 1918  |p 1275089  |r 2024-01-30  |w 2019-11-20  |y BK_X  |k HIS